| 000 | 004550000a22001810004500 | ||
|---|---|---|---|
| 020 | _a0-88207-292-7 | ||
| 041 | 0 | _aENG | |
| 082 | 0 | 4 | _aG 261 C1983p |
| 100 | 1 | _aCampolo, Anthony Jr. | |
| 245 | 1 | 0 | _aThe power delusion / Anthony Campolo, Jr |
| 260 | _aWheaton, ILL., USA : Victor | ||
| 300 | _a165 Pag | ||
| 001 | 6743 | ||
| 942 | _cBK | ||
| 999 |
_c37009 _d37009 |
||
| 336 |
_atexto _btxt _2rdacontent |
||
| 337 |
_2rdamedia _asin mediación _bn |
||
| 338 |
_2rdacarrier _avolumen _bnc |
||